000 00285nam a22001337a 4500
008 170505b xxu||||| |||| 00| 0 eng d
020 _a9781422478431
041 _aeng
080 _a343.9
100 _a15
101 _aSHJ
245 _aSKILLS & VALUES
_cKAY, S.L
942 _2udc
_cBK
999 _c12767
_d12767